|
|
|
|
| LEADER |
00803nam a22002172a 4500 |
| 001 |
001912064 |
| 003 |
CZ BrMZK |
| 005 |
20241016091530.0 |
| 007 |
ta |
| 008 |
241016s1945 xxk er|||||||||||eng d |
| 040 |
|
|
|a BOA001
|b cze
|e aacr2
|
| 100 |
1 |
|
|a Quiller-Couch, Arthur Thomas,
|c Sir,
|d 1863-1944
|7 xx0004007
|4 aut
|
| 245 |
1 |
0 |
|a Memories & opinions :
|b an unfinished autobiography /
|c by Q ; edited, with an introduction, by S.C. Roberts
|
| 260 |
|
|
|a Cambridge :
|b University Press,
|c 1945
|
| 300 |
|
|
|a xii, 105 stran ;
|c 21 cm
|
| 500 |
|
|
|a Obsahuje rejstřík
|
| 700 |
1 |
|
|a Roberts, S. C.
|q (Sydney Castle),
|d 1887-1966
|7 mub20191036301
|4 edt
|4 wfw
|
| 910 |
|
|
|a BOA001
|b 2-0192.637
|
| 990 |
|
|
|a BK
|
| 991 |
|
|
|b 202410
|
| 996 |
7 |
|
|b 2618774615
|c 2-0192.637
|l MZK
|r Sklad / do 24 hodin
|n 0
|w 001980932
|u 000010
|a 1
|e BOA001
|j MZK50
|s A
|